Birthplaces of Members of Israeli Knesset - Statistics

General Stats
  • This quiz has been taken 308 times
    288 since last reset
  • The average score is 7 of 11
Answer Stats
No. COUNTRY % Correct
2 United States
97%
3 Russia
92%
2 Germany
83%
3 Ukraine
82%
1 Canada
76%
6 Morocco
63%
1 Romania
58%
2 Ethiopia
53%
2 Argentina
50%
1 Moldova
38%
1 Uzbekistan
13%
No matching quizzes found
Score Distribution
Percent of People with Each Score
Percentile by Number Answered
Your Score History
You have not taken this quiz since the last reset